000 00603nam a2200229Ia 4500
003 OSt
005 20220923214435.0
006 a|||||r|||| 00| 0
007 ta
008 220922b |||||||| |||| 00| 0 hin d
024 _a169,556
037 _cTextual
040 _aARTS
_cARTS
_bhin
041 _2hin
_ahin
082 _aO152:3M90:156, L3
100 _aगुरूदत
245 0 _aप्रगति के पथ पर
246 _aPragati ke path para
260 _c1973
942 _hO152:3M90:156, L3
_cTEXL
_2CC
999 _c323977
_d323977